Real decreto ley y reglamento de puertos, depositos y zonas francas
Պահպանված է:
| Համատեղ հեղինակ: | |
|---|---|
| Ձևաչափ: | Գիրք |
| Լեզու: | իսպաներեն |
| Հրապարակվել է: |
Madrid
Sucesores de Rivadeneyra
1930
|
| Խորագրեր: | |
| Ցուցիչներ: |
Ավելացրեք ցուցիչ
Չկան պիտակներ, Եղեք առաջինը, ով նշում է այս գրառումը!
|
MARC
| LEADER | 00000nam a2200000 a 4500 | ||
|---|---|---|---|
| 001 | UCI2400 | ||
| 003 | CL-VaPUC | ||
| 008 | 070824e19300000SP |||||||||||||||||spa|d | ||
| 082 | 0 | 4 | |a 343.096 |b CON |2 21 |
| 110 | 2 | |a Consorcio de la Zona Franca de Barcelona |e author |9 523415 | |
| 245 | 1 | 0 | |a Real decreto ley y reglamento de puertos, depositos y zonas francas |
| 300 | |a 76 p | ||
| 942 | |c BK | ||
| 945 | |d 20070824 00:00:00 |a rbrito | ||
| 260 | |a Madrid |b Sucesores de Rivadeneyra |c 1930 | ||
| 650 | 0 | |a Derecho marítimo |9 255301 | |
| 650 | 0 | |a Puertos |9 260105 | |
| 650 | 0 | |a Transporte marítimo |9 260127 | |
| 650 | 0 | |a Zonas y puertos francos |9 388579 | |
| 650 | 0 | |a Transporte de mercancias |9 358742 | |
| 650 | 7 | |a BUQUES DE CARGA |2 CL-VaPUC |9 359866 | |
| 651 | 0 | |a España |9 254926 | |
| 583 | |a last modification |c 20070824 00:00:00 |k Rodrigo Vera | ||
| 999 | |c 326985 |d 326983 | ||
| 952 | |0 0 |1 0 |4 0 |6 343_096000000000000_CON_1930 |7 0 |8 A |9 409320 |a BIBDER |b BIBDER |d 2019-11-22 |i 4167198 |o 343.096 CON 1930 |p 4167198 |r 2019-11-22 |w 2019-11-22 |y BK |k DER | ||